| 000 | 00738nam a22002057a 4500 | ||
|---|---|---|---|
| 999 |
_c20760 _d20760 |
||
| 003 | AR-CdUCM | ||
| 008 | 190322b ||||| |||| 00| 0 spa d | ||
| 040 |
_aMUNICIPALIDAD PROVINCIAL DEL CUSCO _cBIBLIOTECA MUNICIPAL DEL CUSCO |
||
| 082 |
_a791.8 / _bM64 |
||
| 100 |
_aMiró Quesada, Oscar _922976 |
||
| 245 | _aLa renovación estética por el toreo / | ||
| 260 |
_aLima : _bMinisterio de Educación Pública, _c1953. |
||
| 300 |
_a73 paginas ; _bIlustraciones, _c24 cm. |
||
| 505 | _aContenido: Génesis de este ensayo -- La estética tradicional -- Cromática y plástica de la lidia... | ||
| 650 |
_aToros de lidia _943353 |
||
| 650 |
_aEstética taurina _943354 |
||
| 650 |
_aToreo _943355 |
||
| 942 |
_2ddc _cLIBROS |
||
| 945 | _aAndy | ||